Statistics for Taylor Swift - Red (Taylor's Version) Songs

Click here to take the quiz!

General Stats

  • This quiz has been taken 297 times
  • The average score is 23 of 30

Answer Stats

Red (Taylor's Version)% Correct
2Red (Taylor's Version)
98%
4I Knew You Were Trouble (Taylor's Version)
94%
30All Too Well (10 Minute Version) (Taylor's Version) [From The Vault]
93%
5All Too Well (Taylor's Version)
93%
8We Are Never Ever Getting Back Together (Taylor's Version)
92%
622 (Taylor's Version)
90%
20State of Grace (Acoustic Version) (Taylor's Version)
89%
1State of Grace (Taylor's Version)
89%
3Treacherous (Taylor's Version)
80%
28Run (Taylor's Version) [From The Vault]
77%
24Babe (Taylor's Version) [From The Vault]
76%
22Better Man (Taylor's Version) [From The Vault]
76%
21Ronan (Taylor's Version)
76%
26I Bet You Think About Me (Taylor's Version) [From The Vault] (ft. Chris Stapleton)
75%
25Message in a Bottle (Taylor's Version) [From The Vault]
72%
9Stay Stay Stay (Taylor's Version)
71%
16Begin Again (Taylor's Version)
70%
14Everything Has Changed (Taylor's Version) (ft. Ed Sheeran)
70%
15Starlight (Taylor's Version)
70%
13The Lucky One (Taylor's Version)
70%
11Holy Ground (Taylor's Version)
69%
19Girl At Home (Taylor's Version)
67%
29The Very First Night (Taylor's Version) [From The Vault]
67%
23Nothing New (Taylor's Version) [From The Vault] (ft. Phoebe Bridgers)
66%
27Forever Winter (Taylor's Version) [From The Vault]
65%
7I Almost Do (Taylor's Version)
64%
18Come Back... Be Here (Taylor's Version)
63%
12Sad Beautiful Tragic (Taylor's Version)
63%
10The Last Time (Taylor's Version) (ft. Gary Lightbody)
62%
17The Moment I Knew (Taylor's Version)
54%

Score Distribution

Percentile by Number Answered

Percent of People with Each Score

Your Score History

You have not taken this quiz